|
|
|
|
| LEADER |
00000nlm0a2200000 4500 |
| 001 |
323802 |
| 005 |
20231225164952.0 |
| 035 |
|
|
|a (RuTPU)RU\TPU\book\349389
|
| 035 |
|
|
|a RU\TPU\book\349361
|
| 090 |
|
|
|a 323802
|
| 100 |
|
|
|a 20161027d2016 k y0rusy50 ca
|
| 101 |
0 |
|
|a rus
|
| 102 |
|
|
|a RU
|
| 105 |
|
|
|a a dm 000zy
|
| 135 |
|
|
|a drcn ---uucaa
|
| 181 |
|
0 |
|a i
|
| 182 |
|
0 |
|a b
|
| 200 |
1 |
|
|a Низкотемпературное зажигание отходов переработки угля в виде органоводоугольных топливных композиций
|e автореферат диссертации на соискание ученой степени кандидата физико-математических наук
|e спец. 01.04.17
|f К. Ю. Вершинина
|g Национальный исследовательский Томский политехнический университет (ТПУ) ; науч. рук. П. А. Стрижак
|
| 203 |
|
|
|a Текст
|c электронный
|
| 210 |
|
|
|a Томск
|d 2016
|
| 215 |
|
|
|a 1 файл (1128 Kb)
|
| 300 |
|
|
|a Заглавие с титульного экрана
|
| 300 |
|
|
|a Электронная версия печатной публикации
|
| 606 |
1 |
|
|a Уголь
|x Сжигание
|2 stltpush
|3 (RuTPU)RU\TPU\subj\33143
|9 55466
|
| 606 |
1 |
|
|a Уголь
|x Обогащение
|x Отходы
|x Использование
|2 stltpush
|3 (RuTPU)RU\TPU\subj\62484
|9 79558
|
| 610 |
1 |
|
|a электронный ресурс
|
| 610 |
1 |
|
|a авторефераты диссертаций
|
| 610 |
1 |
|
|a труды учёных ТПУ
|
| 610 |
1 |
|
|a низкотемпературное зажигание
|
| 610 |
1 |
|
|a угольные отходы
|
| 610 |
1 |
|
|a переработка
|
| 610 |
1 |
|
|a угли
|
| 610 |
1 |
|
|a топливные композиции
|
| 610 |
1 |
|
|a органоводоугольные композиции
|
| 675 |
|
|
|a 662.66(04)
|v 3
|
| 675 |
|
|
|a 622.7'17(04)
|v 3
|
| 686 |
|
|
|a 01.04.17
|2 oksvnk
|
| 700 |
|
1 |
|a Вершинина
|b К. Ю.
|c специалист в области теплоэнергетики
|c доцент Томского политехнического университета, кандидат физико-математических наук
|f 1992-
|g Ксения Юрьевна
|3 (RuTPU)RU\TPU\pers\33595
|9 17253
|
| 702 |
|
1 |
|a Стрижак
|b П. А.
|c специалист в области теплоэнергетики
|c профессор Томского политехнического университета, доктор физико-математических наук
|f 1985-
|g Павел Александрович
|4 727
|
| 712 |
0 |
2 |
|a Национальный исследовательский Томский политехнический университет (ТПУ)
|b Энергетический институт (ЭНИН)
|b Лаборатория моделирования процессов тепломассопереноса (ЛМПТ)
|3 (RuTPU)RU\TPU\col\19906
|
| 801 |
|
2 |
|a RU
|b 63413507
|c 20170206
|g RCR
|
| 856 |
4 |
|
|u http://earchive.tpu.ru/handle/11683/35239
|
| 942 |
|
|
|c CF
|